000 00937nac a22002411u 4500
010 _a 00022967
020 _a9780878147779
082 0 0 _a622.3382
_bSAT
090 _c8890
_d8890
100 _aSatter, Abdus.
245 1 0 _aComputer-assisted reservoir management /
_cAbdus Satter, Jim Baldwin, Rich Jespersen.
260 _aTulsa, Okla. :
_bPennWell,2000
_cc2000.
300 _axx, 278 p. :
_bill. ;
_c24 cm.
500 _adistributer: Scientific home bookshop
504 _aIncludes bibliographical references and index.
511 _acatalgued by: wessam
650 0 _aOil fields
_xProduction methods
_xAutomation.
650 0 _aPetroleum industry and trade
_xManagement
_xAutomation.
700 1 _aBaldwin, Jim.
700 1 _aJespersen, Rich.
942 _cBB
_k622.3382SAT
999 _c8890
_d8890